000 00300nam a22001337a 4500
008 170623b xxu||||| |||| 00| 0 eng d
020 _a9780205723904
041 _aeng
080 _29TH
_a327
100 _a21
101 _aSHP
245 _aINTERNATIONAL POLITICS
_cGOLDSTEIN,J,S
942 _2udc
_cBK
999 _c19040
_d19040